[Event "Bundesliga 1516"]
[Site "Germany"]
[Date "2015.09.18"]
[Round "7.4"]
[White "Van Kampen, Robin"]
[Black "Jaracz, Pawel"]
[Result "1-0"]
[WhiteElo "2615"]
[BlackElo "2503"]
[PlyCount "147"]
[EventDate "2015.09.18"]
[EventType "team-tourn"]
[EventRounds "15"]
[EventCountry "GER"]
[SourceTitle "EXT 2016"]
[Source "ChessBase"]
[SourceDate "2015.10.08"]
[SourceVersion "1"]
[SourceVersionDate "2015.10.08"]
[SourceQuality "1"]
[WhiteTeam "Solingen"]
[BlackTeam "Trier"]
[WhiteTeamCountry "GER"]
[BlackTeamCountry "GER"]

1. e4 c5 2. Nf3 d6 3. Bb5+ Nd7 4. d4 cxd4 5. Qxd4 a6 6. Bxd7+ Bxd7 7. 0-0 e5 8. Qd3 h6 9. c4 b5 10. Nfd2 Nf6 11. Nc3 Qb6 12. a4 bxa4 13. Nxa4 Qb7 14. Nc3 Be7 15. Rd1 0-0 16. b3 Rfc8 17. Rb1 Rc6 18. Ba3 a5 19. Nf1 Rb6 20. Ne3 Bc6 21. f3 g6 22. Qe2 Qc7 23. Rd3 Rab8 24. Qd1 Qa7 25. Kf1 R6b7 26. Ke2 Ne8 27. Ned5 Bf8 28. Ne3 Qa6 29. Ncd5 h5 30. Qc2 Bd7 31. Kf2 Be6 32. Rbd1 Qa7 33. Kf1 Bh6 34. Rc3 Qa6 35. Kf2 Qa7 36. Ke2 Qa6 37. Qd3 Qa7 38. g3 Bg7 39. Ra1 Qd4 40. Rb1 f5 41. Qc2 Bxd5 42. Nxd5 Rf7 43. Rd1 Qa7 44. Bc1 Nc7 45. Nxc7 Qxc7 46. Ba3 Bf8 47. Rd5 Qb6 48. Kf1 Rf6 49. Kg2 Rb7 50. exf5 Rxf5 51. Qe4 Rbf7 52. Rcd3 R5f6 53. Bc1 Qa6 54. Bd2 a4 55. Ra5 Qc8 56. Rxa4 h4 57. gxh4 d5 58. cxd5 Qc2 59. Rc4 Qb2 60. Qe1 Qa2 61. Rg4 Bd6 62. Qe4 Qc2 63. h5 g5 64. Rxg5+ Kh8 65. Rg3 Bf8 66. Kh3 Qd1 67. Be1 Qc1 68. Kg2 Qc2+ 69. Rd2 Qxb3 70. Bf2 Qb8 71. Rc2 Qb7 72. Rc6 Rf4 73. Qxe5+ Kh7 74. Qg5 1-0

[Event "Titled Tuesday intern op 1st Sept"]
[Site "Chess.com INT"]
[Date "2015.09.01"]
[Round "7"]
[White "Meskovs, Nikita"]
[Black "Van Kampen, Robin"]
[Result "1/2-1/2"]
[WhiteElo "2493"]
[BlackElo "2615"]
[PlyCount "100"]
[EventDate "2015.09.01"]
[EventType "swiss (blitz)"]
[EventRounds "9"]
[EventCountry "USA"]
[SourceTitle "EXT 2021"]
[Source "ChessBase"]
[SourceDate "2020.10.23"]
[SourceVersion "1"]
[SourceVersionDate "2020.10.23"]
[SourceQuality "1"]

1. d4 Nf6 2. c4 g6 3. Nc3 Bg7 4. e4 d6 5. Nf3 0-0 6. h3 e5 7. d5 Nh5 8. g3 Na6 9. Nd2 Nc5 10. b4 Nd7 11. Be2 a5 12. bxa5 Nhf6 13. Nb3 Nc5 14. Be3 Nfxe4 15. Nxe4 Nxe4 16. Bd3 Nc3 17. Qc2 e4 18. Bf1 Re8 19. Nd4 c5 20. dxc6 Qxa5 21. Qd2 bxc6 22. Nxc6 Qa3 23. Nd4 Ba6 24. Rc1 Nxa2 25. Ra1 Bb7 26. Be2 Qb4 27. Qxb4 Nxb4 28. Kd2 Rxa1 29. Rxa1 Nc6 30. Rb1 Nxd4 31. Rxb7 Ra8 32. Bd1 h5 33. Rd7 Nf5 34. g4 Ra2+ 35. Bc2 Nxe3 36. fxe3 hxg4 37. hxg4 Be5 38. Kd1 f5 39. gxf5 gxf5 40. c5 Ra1+ 41. Kd2 dxc5 42. Rd5 Bb2 43. Rxf5 Bc1+ 44. Ke2 Ra3 45. Rxc5 Rxe3+ 46. Kd1 Bb2 47. Rc4 Bc3 48. Rxe4 Rxe4 49. Bxe4 Kg7 50. Kc2 Be5 1/2-1/2

[Event "Titled Tuesday intern op 1st Sept"]
[Site "Chess.com INT"]
[Date "2015.09.01"]
[Round "9"]
[White "Van Kampen, Robin"]
[Black "D'Innocente, Stefano"]
[Result "1-0"]
[WhiteElo "2615"]
[BlackElo "2261"]
[PlyCount "67"]
[EventDate "2015.09.01"]
[EventType "swiss (blitz)"]
[EventRounds "9"]
[EventCountry "USA"]
[SourceTitle "EXT 2021"]
[Source "ChessBase"]
[SourceDate "2020.10.23"]
[SourceVersion "1"]
[SourceVersionDate "2020.10.23"]
[SourceQuality "1"]

1. c4 c6 2. g3 d5 3. Bg2 Nf6 4. Nf3 e6 5. 0-0 Nbd7 6. b3 Be7 7. Bb2 0-0 8. d4 b6 9. Nbd2 Bb7 10. Qc2 c5 11. dxc5 bxc5 12. Ne5 Nxe5 13. Bxe5 Qb6 14. e3 Rfd8 15. Rfd1 Rac8 16. Qb2 Ne8 17. cxd5 exd5 18. Nf3 Bf6 19. Rac1 h6 20. Qa3 a5 21. Bxf6 Nxf6 22. Nh4 g6 23. Nf3 Qb4 24. Qb2 Qb6 25. Ne5 a4 26. Qc2 axb3 27. axb3 Kg7 28. Qb2 Kg8 29. Nd3 Ne4 30. Bxe4 dxe4 31. Ne5 Qf6 32. Qa1 Bd5 33. Nc4 Bxc4 34. Qxf6 1-0

[Event "NED-ch"]
[Site "Amsterdam"]
[Date "2015.07.07"]
[Round "3"]
[White "Bok, Benjamin"]
[Black "Van Kampen, Robin"]
[Result "1/2-1/2"]
[WhiteElo "2562"]
[BlackElo "2609"]
[PlyCount "53"]
[EventDate "2015.07.05"]
[EventType "tourn"]
[EventRounds "7"]
[EventCountry "NED"]
[EventCategory "15"]
[SourceTitle "CBM 168"]
[Source "ChessBase"]
[SourceDate "2015.09.14"]
[SourceVersion "1"]
[SourceVersionDate "2015.09.14"]
[SourceQuality "1"]

1. e4 e6 2. d4 d5 3. Nc3 Bb4 4. exd5 exd5 5. Bd3 Nf6 6. Nge2 c6 7. 0-0 0-0 8. h3 Re8 9. Ng3 Nbd7 10. Qf3 Nf8 11. Nce2 Ng6 12. c3 Bd6 13. Bg5 Be7 14. Nf4 Nxf4 15. Bxf4 g6 16. Rae1 Be6 17. Re2 Nd7 18. Rfe1 Nf8 19. Bh6 Bd6 20. Bf4 Be7 21. Re3 Qb6 22. Bh6 Qc7 23. Ne2 Qd8 24. Nf4 Bg5 25. Bxg5 Qxg5 26. Re5 Qh4 27. g3 1/2-1/2